| 000 | 01045nam a2200313 i 4500 | ||
|---|---|---|---|
| 001 | 012622324 | ||
| 003 | EG-ScBUE | ||
| 005 | 20230509115717.0 | ||
| 008 | 010820s2013 enkac f d 001 0 eng d | ||
| 020 | _a041924400X (pbk.) : | ||
| 020 | _a9780419244004 | ||
| 040 |
_aStDuBDS _beng _erda _cEG-ScBUE _dUk _dEG-ScBUE |
||
| 082 | 0 | 4 |
_a725.23 _222 _bRAY |
| 100 | 1 |
_aRaymond, Santa, _eauthor. |
|
| 245 | 1 | 0 |
_aTomorrow's office : _bcreating effective and humane interiors / _cSanta Raymond and Roger Cunliffe. |
| 264 | 1 |
_aLondon ; _aNew York : _bRoutledge, _c2013. |
|
| 300 |
_avii, 200 pages : _billustrations (some color), portraits ; _c28 cm |
||
| 336 |
_atext _2rdacontent _btxt |
||
| 337 |
_aunmediated _2rdamedia _bn |
||
| 338 |
_avolume _2rdacarrier _bnc |
||
| 500 | _aIncludes Appendices. | ||
| 500 | _aIncludes glossary. | ||
| 500 | _aIncludes index. | ||
| 650 | 7 |
_aOffice buildings _xDesign and construction. _2BUEsh |
|
| 653 |
_bART _cMay2023 |
||
| 655 | _vReading book | ||
| 700 | 1 |
_aCunliffe, Roger, _eauthor. |
|
| 942 |
_2ddc _cBB |
||
| 999 |
_c30318 _d30289 |
||